000 00700nas a2200253 4500
001 BR5300261
003 BR-BrBNA
005 20231205081938.0
007 ta
008 230509b bl.|||p| |||| 00| 00por d
040 _aBR-BrBNA
_bpor
_cBiblioteca Nacional de Agricultura
041 _a(Pt)
072 _aL73
100 1 _aCorrea, O.
100 1 _aGuerreiro, M.
245 1 _aExantema varioliforme dos leitoes [virus]
650 _aLEITAO
650 _aVIRUS
650 _aINOCULACAO
650 _aEXANTEMA
773 0 _tBoletim da Diretoria da Producao Animal (Brazil)
_x
_g(May-Sep 1953), v. 9(17) p. 32-33
_wBR5300261
909 _a202311
_bLúcia
_c55
_dLúcia Elande
942 _2AGRIS
_n0
_cANA
999 _c88029
_d88029